Human rights education globally / Joseph Zajda, editor. (Record no. 20598)

000 -LEADER
fixed length control field 00599nam a2200157 4500
020 ## - INTERNATIONAL STANDARD BOOK NUMBER
ISBN 9789402419139 (eBook)
082 ## - DEWEY DECIMAL CLASSIFICATION NUMBER
Classification number 323.071
Item number H9186 2020
245 ## - TITLE STATEMENT
Title Human rights education globally / Joseph Zajda, editor.
260 ## - PUBLICATION, DISTRIBUTION, ETC. (IMPRINT)
Place of publication Netherlands :
Name of publisher Springer Nature B.V.,
Year of publication ©2020.
300 ## - PHYSICAL DESCRIPTION
Number of Pages 1 online resource, xxiii, 213 pages :
Other physical details color illustrations.
490 ## - SERIES STATEMENT
Series statement (Globalisation, comparative education and policy research, 22).
500 ## - GENERAL NOTE
General note Includes bibliographical references and index.
650 ## - SUBJECT ADDED ENTRY--TOPICAL TERM
Topical Term Human rights -- Study and teaching.
700 ## - ADDED ENTRY--PERSONAL NAME
Personal name Zajda, Joseph I., editor.
942 ## - ADDED ENTRY ELEMENTS (KOHA)
Koha item type Electronic Books
Holdings
Source of acquisition Permanent Location Date acquired Collection code Koha item type Lost status Shelving location Withdrawn status Current Location Full call number
DonationCagayan State University - Carig Library2025-05-22E-BooksElectronic Books E-Resource Section Cagayan State University - Carig Library323.071 H9186 2020

Cagayan State University University Library, Carig Campus
Tuguegarao City, Cagayan 3500 | www.csucarig.edu.ph

Powered by Koha